000 00350nam a22001457a 4500
003 OSt
005 20160727222407.0
008 160624b xxu||||| |||| 00| 0 eng d
040 _cTEST
100 _9867
_aBailey, T.A
245 _aProbing America's Past
260 _aLON
_b D.C. Hean & Com
_c1973
300 _aProbing America's Past
942 _2ddc
_cBK
999 _c690
_d690